[Event "RUS-ch 57th"]
[Site "Moscow"]
[Date "2004.11.27"]
[Round "11"]
[White "Bareev, Evgeny"]
[Black "Korotylev, Alexey"]
[Result "1-0"]
[WhiteElo "2715"]
[BlackElo "2596"]
[Annotator "Golod,V"]
[PlyCount "115"]
[EventDate "2004.11.15"]
[EventType "tourn"]
[EventRounds "11"]
[EventCountry "RUS"]
[EventCategory "18"]
[SourceTitle "CBM 104"]
[Source "ChessBase"]
[SourceDate "2005.01.27"]
[SourceVersion "1"]
[SourceVersionDate "2005.01.27"]
[SourceQuality "1"]

1. d4 Nf6 2. c4 e6 3. Nc3 Bb4 4. Qc2 c5 5. dxc5 O-O 6. a3 Bxc5 7. Nf3 b6 8. Bf4
Bb7 9. Rd1 Nc6 10. b4 {Comments to this part of the game and also to:} (10. e4
{You can find in my annotations to game: Bareev,E-Ivanchuk,V/Rethymnon,2003/
CBM 98(0-1)(41)}) ({Besides White has two another alternatives:} 10. e3 $5 {
You can see annotations to Lalic,B-Motwani,P/Hastings,1996/CBM 57(1/2-1/2)
(Alterman,B)(24)}) ({and} 10. h3 $5 {><g4 with preparing point "h2" for bishop.
}) 10... Be7 11. e4 Rc8 $6 {After this inaccurate move Black should struggle
for equality up to the end of this game.} (11... a5 $5 {קa5,b4 /^a3-f8 Black
has decided to begin active actions at the queen side with the purpose to
spoil a pawns structure of White and to create by him of weakness.For further
annotations you can see my comments to Lautier,J-Macieja,B/Mallorca,2004/CBM
104(1/2-1/2)(31)}) 12. e5 $1 $146 {A very good novelty,which shows deep
positional understanding of the position. Black's main problem in this line is
the poorly placed knight at "h5" or "e8". White will protect his central
e5-pawn in order to avoid ideas like "f6" or "d6".} (12. Bd3 $143 Nh5 13. Be3
Qc7 14. O-O Nf6 15. h3 $11 {Kouatly,B-Hjartarson,J/Reykjavik,1993(1/2-1/2)(17)}
) 12... Nh5 ({I do not think that it was much better:} 12... Ne8 13. Bd3 $36 (
13. Qd3 $143 {קd7} Nb8 14. Ne4 f6 $132)) 13. Be3 Qc7 {Black had no other
worthy alternative:} (13... f6 $143 14. Bd3 {קh7; /^b1-h7}) (13... a5 $143 14.
b5 Nb8 15. Bd3 f5 $140 16. Na4 {קb6.}) 14. Nb5 Qb8 15. Nd6 Bxd6 (15... Rcd8
$143 16. c5 $16) 16. exd6 $14 {White has a obvious positional advantage (the
best chain of pawns + two bishops).} f5 {It is necessary to grasp any space,
differently after:} (16... Nf6 $6 17. Be2 (17. Bd3 $143 e5 18. Ng5 h6 19. Nh7
Nxh7 20. Bxh7+ Kh8 21. Be4 Nd4 $1 22. Bxd4 Bxe4 23. Qxe4 Rxc4 24. O-O (24. Qxe5
$4 Re8 {[%csl Re1,Re5,Ge8]}) 24... exd4 25. Rxd4 $14) 17... a5 18. b5 Nd8 19.
O-O {the black's position becomes very hard.}) 17. Be2 Nf6 18. O-O Nd8 ({
Is senseless the following maneuver of knight:} 18... Ng4 19. Bg5 h6 20. Bc1
$140 Nce5 21. Nxe5 Nxe5 22. Qc3 $1 Nxc4 $140 23. Bxc4 b5 (23... Ba6 $2 24. Bb2
Rf7 25. Bxa6 Rxc3 26. Bxc3 $18) 24. Bxe6+ dxe6 25. Qg3 $16) 19. Ne5 {This move
is compels of Black,early or late,to exchange this knight.White's N don't have
another good parking and consequently this correct positional decision.} Nf7
20. Nxf7 Rxf7 21. Bf4 {This move is directed against progress "e5".} b5 {
This progress only improves a pawns structure of White,but Alexey Korotylev
did not have choice:} ({After:} 21... Qa8 22. f3 Re8 23. Qc3 {absolutely not
clear what to do further.}) 22. c5 Bc6 23. Rfe1 Qa8 24. Bf1 {White take under
the reliable control a field "e5".} Nd5 25. Bd2 a6 26. Qd3 Re8 27. Re5 $16 {
Black have remained without counterplay.White,in turn,slowly prepare a break
on queen side (a4) or king side (f3 and g4).} Qd8 28. Qd4 h6 29. f3 Qc8 30.
Rde1 {White gradually improve a location of the pieces and wait a favorable
moment for a sacrifice on point "d5".} Ref8 31. Bd3 Qb7 32. Bb1 Qc8 {Black
don't have any clear plan,they wait and prepare for active actions on the part
of White.} 33. Ba2 Kh7 34. Bc1 $1 {There is no sense to hasten with a
sacrifice on "d5":} (34. Bxd5 $6 Bxd5 $140 35. Rxd5 exd5 36. Qxd5 Qa8 $1 $14)
34... Qd8 35. Bd2 Rf6 36. h3 {White prepare a point "h2" for his king.} R6f7
37. Bb3 Rf6 38. Kh2 R6f7 39. Ra1 g5 $6 {[%csl Rh7] Doubtful idea.It is rather
dangerous to open the king without the special necessity.} 40. Bc2 Kg8 41. a4
$1 {It is necessary to open even one line,differently,it will be not simple to
win this game.} Rg7 42. axb5 axb5 43. Bb3 Rg6 (43... Qf6 44. Bxd5 Bxd5 45. Bc3
{and there is no protection against threats: 46.Rxd5 or 46.Rxf5}) 44. Bxd5 $1 {
White in time has chosen the moment.He have broken through a defense of the
contender.} Bxd5 45. Rxd5 exd5 46. Bc3 Rgf6 ({Hardly it was better:} 46... Kh7
47. Qxd5 Qe8 48. Ra7 Qf7 49. Qb7 Rd8 50. Qb6 Rgg8 51. Qxb5 {and so on.}) 47.
Qxd5+ R6f7 48. Qd3 {The Pb5 doomed on destruction.} h5 (48... Qb8 $143 49. Ra5
{[%csl Rb5]}) 49. Qxb5 {White has a absolutely winning position,but for
realization of advantage is required the certain time.} g4 {The rather
doubtful decision,but is very difficult to give good advice.} 50. Qc4 Qh4 ({
After:} 50... gxf3 51. Qf4 (51. gxf3 $5) 51... Kh7 {it looks very strong:} 52.
Ra8 $1 Qxa8 $140 $8 53. Qg5 {/\54.Qxh5+ Kg8 55.Qh8#} Rf6 $8 54. Bxf6 Rxf6 $8
55. Qxf6 Qd5 (55... Qe4 $2 56. Qe7+ Kg6 57. Qxe4 fxe4 58. gxf3 e3 59. Kg2 $18)
(55... fxg2 $143 56. Qxf5+ Kh6 57. Qxd7 Qg8 58. Kg1 $18) 56. Qg5 Qe5+ (56... f2
$2 57. Qxh5+ Kg7 58. Qg5+ Kf7 59. Qf4 $18) 57. Qg3 $18) 51. Qf4 Kh7 (51... g3+
52. Qxg3+ Qxg3+ 53. Kxg3 $18) 52. Kh1 $18 {White reliably have hidden the king
and soon will begin to actuate PP on the queen side.} Rg8 (52... Re8 53. b5 {
/\c6}) 53. Rf1 Re8 (53... Qg5 $142 54. Qxg5 Rxg5 55. h4 Rg8 56. b5 $18) 54. b5
Kg6 55. Bd2 {/\Qh6#} Rh8 56. c6 dxc6 57. bxc6 Qf6 58. Rc1 {[%csl Yc1,Gc6,Gd6]
[%cal Gd6d7] The further resistance is impossible.} 1-0

[Event "RUS-ch 57th"]
[Site "Moscow"]
[Date "2004.11.16"]
[Round "2"]
[White "Bareev, Evgeny"]
[Black "Motylev, Alexander"]
[Result "1/2-1/2"]
[WhiteElo "2715"]
[BlackElo "2651"]
[Annotator "Marin,M"]
[PlyCount "168"]
[EventDate "2004.11.15"]
[EventType "tourn"]
[EventRounds "11"]
[EventCountry "RUS"]
[EventCategory "18"]
[SourceTitle "CBM 104"]
[Source "ChessBase"]
[SourceDate "2005.01.27"]
[SourceVersion "1"]
[SourceVersionDate "2005.01.27"]
[SourceQuality "1"]

1. d4 Nf6 2. c4 g6 3. Nc3 Bg7 4. e4 d6 5. Be2 O-O 6. Bg5 c6 7. Nf3 Na6 8. Qd2
Nc7 9. d5 Na6 10. Nd4 Bd7 11. O-O Nc5 12. f3 a5 13. Kh1 a4 14. Rab1 Qb8 15.
Rfd1 Re8 16. Bf1 Rc8 17. b4 axb3 18. axb3 Na6 19. Nc2 c5 20. Re1 Re8 21. f4 Nb4
22. Nxb4 cxb4 23. Na2 e5 24. dxe6 Rxe6 25. Bxf6 Rxa2 26. Qxa2 Bxf6 27. c5 Bc3
28. Red1 Rxe4 29. Rxd6 Bc6 30. Rbd1 Kg7 31. Qf2 Qe8 32. Bc4 Qe7 33. Bd5 Re2 34.
Qg1 Bb5 35. Rb6 Ba6 36. Bf3 Re3 37. c6 Rxf3 38. Rxa6 bxa6 39. gxf3 Qc7 40. Qc5
Qxf4 41. Qd5 Be5 42. Rd2 h5 43. Rc2 Bc7 44. Qe4 Qd6 45. Qe2 a5 46. Rc4 Kh7 47.
Kg1 Qd5 48. Kg2 Qg5+ 49. Kh1 Qd5 50. Kg2 Qg5+ 51. Kh1 Qd5 52. Rc1 Qxb3 53. Rd1
Qc3 54. Rd7 Qc1+ 55. Kg2 Qg5+ 56. Kf1 Qc1+ 57. Kg2 Qf4 58. Qe4 Qxh2+ 59. Kf1
Bb6 60. Rxf7+ Kh6 61. Ke1 Qf2+ 62. Kd1 Be3 63. Qd3 b3 64. Rf6 Qg1+ 65. Ke2 Qf2+
66. Kd1 Qg1+ 67. Ke2 b2 68. Rxg6+ Qxg6 69. Qxe3+ Kg7 70. Qe5+ Qf6 71. Qxf6+
Kxf6 72. c7 b1=Q 73. c8=Q {A rather curious position. The rook pawns are
rather difficult to promote, since they can offer little shelter to their own
king. If White had no pawn left on board, the position would be winning for
Black. He would simply place his queen on a central square (say, d5) by means
of succesive checks and then start to advance his pawns little by little. The
exposed position of the white king would make perpetual check impossible for
Black, since in certain moments counter-checks with exchange of queens would
follow. However, the modestly looking f3-pawn changes the situation a great
deal, by offering to the white king a reliable shelter and indirectly allowing
the own queen a higher liberty of checking the enemy king. Black's win, if
possible at all, is connected with huge practical difficulties.} Qa2+ 74. Kf1 {
The king rightly aimsfor the safe zone.} Qd5 75. Qh8+ Kg5 {The king is heading
for h4 in order to physically defend from checks. However, I believe that
trying to transfer the king to the queen side (for example, b3 or b4) would
have been a more dangerous plan. This would have been the only way to get the
possibility of a deadly countercheck on the b-file. After an eventual echange
of queens the king would remain in the square of the f-pawn, while his own
pawns would be unstoppable. If White would advance the f-pawn at an earlier
stage, Black could adjust his plan and bring his king back to the centre,
because the enemy king would suddenly become more exposed. All this sounds
rather abstract, but it would have probably offered better practical chances
to Black.} (75... Ke6 $2 {would lead to an immediate draw by means of a
perpetual check mechanism which has been named "The star theme":} 76. Qg8+ Kd6
77. Qd8+ Kc6 78. Qa8+) ({but} 75... Ke7 {might have been the right start of
the mentioned plan.}) 76. Kg2 Kh4 {Black's king has reached relative safety,
too, but making further progress is not easy. If the qhite king was more
exposed, Black could improve the position of his queen with check, followed by
the advance of the a-pawn.} 77. Qb2 Qg5+ 78. Kh1 Qf4 $6 {After this careless
move, the game suddenly ends in a perpetual.} 79. Qf2+ Kg5 80. Qc5+ Qf5 81.
Qe3+ Kg6 82. Qb6+ Kf7 83. Qb7+ Ke8 84. Qb8+ Kd7 1/2-1/2

[Event "RUS-ch 57th"]
[Site "Moscow"]
[Date "2004.11.21"]
[Round "6"]
[White "Bareev, Evgeny"]
[Black "Svidler, Peter"]
[Result "1/2-1/2"]
[WhiteElo "2715"]
[BlackElo "2735"]
[Annotator "Krasenkow,M"]
[PlyCount "44"]
[EventDate "2004.11.15"]
[EventType "tourn"]
[EventRounds "11"]
[EventCountry "RUS"]
[EventCategory "18"]
[SourceTitle "CBM 104"]
[Source "ChessBase"]
[SourceDate "2005.01.27"]
[SourceVersion "1"]
[SourceVersionDate "2005.01.27"]
[SourceQuality "1"]

1. d4 Nf6 2. c4 g6 3. Nc3 d5 4. Qb3 dxc4 5. Qxc4 Bg7 6. e4 O-O 7. Be2 Na6 8.
Nf3 c5 9. d5 e6 10. O-O exd5 11. exd5 Nb4 {[%cal Yb7b6,Yc8a6,Rb4d5] The latest
twist in this system.} ({The immediate} 11... b6 {has proved insufficient for
equality in view of} 12. Qh4 $1 Nxd5 (12... Nb4 13. Bg5) (12... Nc7 13. Bg5)
13. Bg5 {etc.}) 12. Bg5 (12. Rd1 b6 {leads to a well-known theoretical
position, with the following options for White:} 13. Qh4 (13. h3 Ba6 14. Qb3
Bxe2 15. Nxe2 Nbxd5 16. Nf4 c4 17. Qxc4 Qc7 $11 {1/2-1/2 Epishin,V-Svidler,P/
Moscow RUS 2004/The Week in Chess 525 (30)}) (13. a3 Ba6 (13... Nc2 14. Rb1 Bf5
15. Bd3 Nd4 16. Nxd4 cxd4 17. Bxf5 dxc3 18. Bh3 cxb2 19. Bxb2 Qd6 $11 {Ftacnik,
L. 1/2-1/2 Piesina,G-Baikov,V/Moscow 1992/CBM 30 (32)}) 14. Qb3 Bxe2 15. Nxe2
Nbxd5 16. Nc3 (16. Nf4 c4 17. Qxc4 Qc7 $11 {1/2-1/2 Tukmakov,V-Chiburdanidze,M/
Biel 1988/CBM 09 (26)}) 16... c4 17. Qxc4 Qc7 18. Qxc7 Nxc7 19. Bf4 Ne6 20. Be5
Rfd8 $11 {1/2-1/2 Budnikov,A-Chuchelov,V/Khabarovsk 1990/EXT 97 (50)}) (13. Bg5
h6 14. Bxf6 Bxf6 15. Rd2 Ba6 16. Qb3 Qd7 17. Bxa6 Nxa6 18. Re1 Rfe8 19. Rde2
Rxe2 20. Rxe2 Nc7 21. Ne5 Bxe5 22. Rxe5 Re8 23. f4 Kg7 24. h3 f6 25. Rxe8 Nxe8
26. Qb5 Qe7 27. Kf2 Nd6 28. Qd3 {1/2-1/2 Lputian,S-Kalantarian,N/Yerevan 1995/
CBM 50 (28)}) (13. Qb3 $5 Bf5 14. Ne1 Ng4 $6 (14... Re8 $5) 15. Bf4 Bd4 16. Bg3
Qf6 17. a3 (17. Rxd4 $1 cxd4 (17... Qxd4 18. Rd1 Qf6 19. a3) 18. Bxg4 Bxg4 19.
Qxb4 dxc3 20. Qxg4 cxb2 21. Rb1 $16) 17... Nxf2 $1 18. Rxd4 cxd4 19. Bxf2 dxc3
20. bxc3 Qe5 $17 {1/2-1/2 Nikitin,A-Sergienko,S/Smolensk 2000/CBM 77 (55)})
13... Nc2 $1 (13... Nfxd5 $2 14. Bg5 Qd7 15. Bc4 Bb7 16. a3 $18) (13... Nbxd5
14. Bc4 Be6 15. Bh6 $1 b5 16. Bxd5 Nxd5 17. Ng5 Bf6 18. Bxf8 Bxg5 19. Qe4 Qxf8
20. Nxd5 $14 {E.Sutovsky}) 14. Rb1 Bf5 15. Bd3 (15. Bg5 $2 Nd4 16. Rbc1 (16.
Nxd4 $6 cxd4 17. Ne4 (17. Rxd4 Bxb1 18. Nxb1 h6 19. Bxh6 Nxd5 20. Bg5 Qe8 21.
Re4 Qd7 $17 {E.Sutovsky}) 17... Bxe4 18. Bxf6 Qxd5 19. Rxd4 Qxa2 20. Re1 Bxf6
21. Qxf6 Rae8 $17 {0-1 Sarno,S-Horvath,J/Leibnitz 1990/CBM 20 (40)}) 16... h6
$1 17. Bxh6 Nxd5 18. Bg5 Nxc3 $1 19. Nxd4 $8 (19. Bxd8 Ncxe2+ 20. Kf1 Nxf3 21.
gxf3 Nxc1 22. Be7 Nxa2 23. Bxf8 Bxf8 $19 {E.Sutovsky}) 19... Qxd4 20. bxc3 Qxh4
21. Bxh4 Bh6 22. Ra1 Bg7 (22... Rfe8 23. Bb5 Re6 24. Bc4 Ree8 25. Bb5 Rec8 26.
Ba6 Rc7 27. Bg3 Rd7 28. Bb5 Rxd1+ 29. Rxd1 Bg7 30. c4 Bd4 $15 {0-1 Bykhovsky,
A-Sanikidze,T/Denizli 2003/CBM 95 ext (58)}) 23. Rac1 Bh6 24. Ra1 Rae8 25. Bb5
Re4 26. Bg3 Bg7 27. Rac1 Be6 $15 {1/2-1/2 Bareev,E-Sutovsky,E/Chalkidiki 2002/
CBM 92 (42)}) 15... Nd4 (15... Bxd3 16. Rxd3 Nb4 17. Rd1 Qd7 18. Bg5 Qf5 $13 {
E.Sutovsky}) 16. Bxf5 Nxf5 17. Qc4 Nd6 18. Qf1 Re8 19. Bf4 Nfe4 20. Qd3 Qd7 21.
Nxe4 Nxe4 22. d6 $8 Re6 23. Ne5 Bxe5 24. Qxe4 Rae8 25. Bxe5 Rxe5 $11 {E.
Sutovsky}) 12... Nbxd5 (12... b6 13. Qh4 $1 {is unpleasant for Black. Here are
some examples:} h6 (13... Bf5 14. Rad1 Qd6 15. Nb5 Qe7 16. Bc4 h6 17. Bxh6 Qe4
18. Bxg7 Kxg7 19. Nd6 Qg4 20. h3 Qxh4 21. Nxf5+ gxf5 22. Nxh4 Ne4 23. Nxf5+ Kf6
24. f3 {1-0 Onischuk,A-Thiel,T/Muenster 1994/EXT 98 (24)}) 14. Bxh6 Nbxd5 15.
Rad1 Nxc3 16. bxc3 Qe7 17. Bc4 Qe4 (17... Be6 $142) 18. Bxf7+ Rxf7 19. Rd8+ Bf8
20. Bxf8 Qxh4 21. Bd6+ Kh7 22. Nxh4 $16 {1-0 Shabalov,A-Yandemirov,V/Moscow
2003/CBM 94 (43)}) (12... h6 {is another option, still insufficient for full
equality:} 13. Bxf6 Bxf6 14. Qxc5 Bxc3 15. Qxc3 (15. bxc3 Nxd5 16. Rad1 Qe7 $1
17. Qxd5 Qxe2 18. Rfe1 Qa6 19. Nd4 Bg4 20. f3 Rad8 21. Qe5 Bc8 $11 {E.Sutovsky}
) 15... Nxd5 16. Qd2 Kh7 17. Rfd1 Qe7 (17... Be6 18. Nd4 $14 {E.Sutovsky}) 18.
Re1 (18. Rac1 $14 {E.Sutovsky}) 18... Nb6 19. Qf4 Kg7 20. Rac1 Qf6 21. Qxf6+
Kxf6 22. Nd4 Rd8 23. Red1 Bd7 24. Bf3 $14 {_|_1-0 Naumann,A-Gurieli,N/Berlin
1998/CBM 66 ext (44)}) 13. Rad1 Nxc3 14. Rxd8 Nxe2+ 15. Qxe2 Rxd8 16. Qe7 Be6
$1 ({According to GM Emil Sutovsky, White is slightly better after} 16... Re8
17. Qxc5 Be6 $14 {However, the text move is more accurate and solves all
Black's problems.}) 17. Bxf6 (17. Qxc5 Ne4 18. Qb5 Nxg5 19. Nxg5 Bd5 $11) 17...
Rd7 $1 18. Qxc5 Bxf6 {Black's bishop pair fully compensates White's material
advantage.} 19. b3 b6 20. Qe3 Rd5 21. h3 Rad8 22. Re1 Kg7 1/2-1/2

[Event "RUS-ch 57th"]
[Site "Moscow"]
[Date "2004.11.15"]
[Round "1"]
[White "Dreev, Alexey"]
[Black "Timofeev, Artyom"]
[Result "1/2-1/2"]
[WhiteElo "2698"]
[BlackElo "2611"]
[Annotator "Krasenkow,M"]
[PlyCount "39"]
[EventDate "2004.11.15"]
[EventType "tourn"]
[EventRounds "11"]
[EventCountry "RUS"]
[EventCategory "18"]
[SourceTitle "CBM 104"]
[Source "ChessBase"]
[SourceDate "2005.01.27"]
[SourceVersion "1"]
[SourceVersionDate "2005.01.27"]
[SourceQuality "1"]

1. d4 Nf6 2. c4 g6 3. Nc3 d5 4. Bg5 Ne4 5. Bh4 Bg7 6. cxd5 Nxc3 7. bxc3 Qxd5 8.
e3 c5 9. Qf3 Qxf3 {The endgame is slightly better for White, as shown by GM M.
Taimanov back in the 60s.} (9... Qd8 $142) 10. Nxf3 Nc6 11. Rb1 (11. Bb5 {
is another option.}) 11... O-O (11... h6 12. Bb5 Bd7 13. O-O a6 14. Bd3 b5 15.
a4 bxa4 16. Be4 f5 17. Bd5 e6 18. Ba2 $14 {1-0 Peev,P-Pribyl,J/Kapfenberg 1970/
EU-chT (53). (52)}) (11... b6 12. Bb5 Bd7 13. O-O cxd4 14. cxd4 Na5 15. Rfc1
Bxb5 16. Rxb5 e6 17. Rc7 O-O 18. Rb1 $16 {1/2-1/2 Koehn,P-Schockenbaeumer,D/
Germany 1995/GER (83)}) (11... e6 $5) 12. Bd3 $146 {This novelty is not very
powerful.} (12. Bb5 $5 Be6 13. a4 f6 14. Ke2 Na5 15. Bd3 Rac8 16. Nd2 g5 17.
Bg3 f5 18. Nf3 $14 f4 $2 19. Nxg5 fxg3 20. Bxh7+ Kh8 21. hxg3 $18 {1-0 Mokry,
K-Drvota,A/Prague 1978/EXT 98 (40)}) (12. Nd2 $5 cxd4 (12... Rd8 13. Be2 h6 14.
f4 Kf8 15. Bf3 Rd7 16. O-O $14 {1/2-1/2 Petkov,V-Herrera,I/Ortigueira 2004/CBM
101 ext (70)}) 13. cxd4 e6 14. Bb5 a6 15. Be2 b5 16. Ne4 $14 {1/2-1/2
Belotelov,D-Fish,G/Biel 2001/CBM 83 ext (31)}) 12... Re8 $1 13. Be4 cxd4 14.
cxd4 e5 $1 15. Bxc6 $6 (15. d5 Ne7 (15... Nd4 16. Nd2 $1) 16. Nd2 {was the
only way to fight for an advantage.} (16. d6 $143 Nf5)) 15... bxc6 16. Nxe5 c5
$1 17. O-O cxd4 18. exd4 Bxe5 19. dxe5 Rxe5 20. Rfe1 1/2-1/2

[Event "RUS-ch 57th"]
[Site "Moscow"]
[Date "2004.11.20"]
[Round "5"]
[White "Dreev, Alexey"]
[Black "Korotylev, Alexey"]
[Result "1-0"]
[WhiteElo "2698"]
[BlackElo "2596"]
[Annotator "Ftacnik,L"]
[PlyCount "77"]
[EventDate "2004.11.15"]
[EventType "tourn"]
[EventRounds "11"]
[EventCountry "RUS"]
[EventCategory "18"]
[SourceTitle "CBM 104"]
[Source "ChessBase"]
[SourceDate "2005.01.27"]
[SourceVersion "1"]
[SourceVersionDate "2005.01.27"]
[SourceQuality "1"]

1. d4 d5 2. c4 c6 3. Nf3 Nf6 4. e3 a6 5. Nc3 b5 6. c5 Nbd7 {Not so long ago
the automatic response would have been 6...Bg4, but the plan 7.Qb3! with early
a4 is very unpleasant for Black.} (6... Bg4 7. Qb3 $1) 7. b4 a5 8. bxa5 (8. Ba3
Qc7 9. Be2 e5 $11) 8... e5 9. Bd2 (9. Nxe5 $2 Nxe5 10. dxe5 Nd7 $15) 9... e4
10. Ng1 Rxa5 11. a4 bxa4 (11... b4 $2 12. Na2 $14) 12. Rxa4 Rxa4 (12... Be7 $2
13. Rxa5 Qxa5 14. Nxd5 $16) 13. Qxa4 Qc7 (13... Nb8 14. Qa8 Qc7 15. Na4 Qb7 16.
Qxb7 Bxb7 $11) 14. Na2 Be7 15. Nb4 {The transfer of the knight to b4 square
and attack against c6 square is crucial for the structure, Black can rely on
the good defensive possibilities of his pieces.} Nb8 16. Ne2 O-O 17. Nc3 Bb7 (
17... Rd8 18. Be2 Bg4 19. h3 Bxe2 20. Nxe2 Rc8 $11) 18. Be2 Nbd7 19. Na6 Qc8 $6
{Korotylev is refusing to give up the bishop's pair, but in this particular
position it would enable him to quickly activate the rook and equalize the
game.} (19... Bxa6 $1 20. Qxa6 Rb8 21. O-O Rb2 22. Be1 Qb7 $11) 20. O-O Re8 21.
Rb1 Nf8 22. Nb4 Ne6 23. Ba6 (23. Qa7 Nd8 24. h3 $14) 23... Bxa6 24. Qxa6 Qxa6
25. Nxa6 Nd7 (25... Ra8 26. Rb8+ Rxb8 27. Nxb8 Nd8 28. Ne2 Kf8 29. Ba5 $16) 26.
Nb4 $6 {The weak move, as White is losing a lion part of his advantage.} (26.
Rb7 $1 Ra8 (26... Nef8 27. Rc7 $16) 27. Rxd7 Rxa6 28. f3 Kf8 (28... Bxc5 29.
dxc5 f5 30. Nxd5 cxd5 31. Rxd5 $16) 29. fxe4 dxe4 30. Nxe4 f5 31. Nc3 $16)
26... Rc8 (26... Nb8 27. f3 f5 $11) 27. Ra1 Kf8 28. Ra7 Ke8 (28... Ndxc5 29.
dxc5 Bxc5 30. Ra4 Bxb4 31. Rxb4 Nc5 32. Kf1 Nd3 33. Rb7 $16) 29. Na4 Bd8 (29...
f5 30. Rxd7 Kxd7 (30... Ra8 31. Rxe7+ Kxe7 32. Nxc6+ Ke8 33. Na5 $18) 31. Nb6+
Kd8 32. Nxc8 Kxc8 33. Nxc6 $16) 30. Kf1 (30. f3 f5 31. Kf2 $14) 30... f5 (30...
Nb8 $1 31. Nb6 (31. f3 Rc7 32. Ra8 Rb7 33. fxe4 dxe4 34. Nb2 Nc7 35. Ra4 Nd5
36. Nc4 Bc7 $11) 31... Rc7 32. Ra8 Rb7 33. Rxb8 Rxb8 34. Nxc6 Rxb6 35. cxb6
Bxb6 $11) 31. Ra6 Nb8 32. Ra8 Kd7 $2 {[%mdl 256] Tired by the prolonged
defence Black is commiting the reckless move, the check on b6 is coming at a
very unsuitable moment.} (32... Nc7 $1 33. Ra7 Ne6 34. Rb7 Nd7 $11) 33. Nb6+ $1
Bxb6 34. cxb6 Rd8 (34... Rf8 35. Bc1 Kc8 36. Ra7 Rf6 37. Ba3 $16) 35. f3 $6 (
35. Bc1 $1 Kd6 36. Ba3 c5 37. dxc5+ Nxc5 38. Rxb8 Rxb8 39. Na6 $18) 35... exf3
$2 {The last mistake by Black. He could still have put up serious resistance
with the clever move 35...Kd6! with the idea of improving coordination of his
pieces.} (35... Kd6 $1 36. Na6 (36. Be1 g5) 36... Nxa6 37. Rxa6 Rb8 38. Bb4+
Kd7 39. Ra7+ Kc8 40. Bc5 Rb7 $14) 36. gxf3 g5 (36... Kd6 37. Nd3 $18) 37. Nd3
Kc8 38. Ba5 Re8 (38... Rd7 39. Ne5 Rb7 40. Nxc6 $18) 39. Ra7 (39. Ra7 Kd8 40.
Ne5 Re7 41. Nf7+ Ke8 42. Nd6+ Kd8 43. Nxf5 $18) 1-0